Sports Quiz

Random Sports or Auto Racing Quiz
Score 0/10 Timer 03:00
0 Plays Today
Position Driver % Correct
2ndScott Dixon
82.5%
7thWill Power
62.7%
1stSimon Pagenaud
58.7%
3rdJack Harvey
44.4%
6thEd Jones
44.4%
9thGraham Rahal
44.4%
8thFelix Rosenqvist
38.9%
5thSpencer Pigot
35.7%
10thSantino Ferrucci
32.5%
4thMatheus Leist
26.2%
Remove Ads.
Support Sporcle.
Get the best of Sporcle when you Go Orange. This ad-free experience offers more features, more stats, and more fun while also helping to support Sporcle. Thank you for becoming a member.

You're not logged in!

Compare scores with friends on all Sporcle quizzes.
OR
Log In

Sporcle TV

Today on Sporcle TV


Watch our educational content, quiz creation guides, and fun videos on Sporcle TV.

Show Comments

Extras

Top Quizzes Today


Score Distribution

Paid Content

Your Account Isn't Verified!

In order to create a playlist on Sporcle, you need to verify the email address you used during registration. Go to your Sporcle Settings to finish the process.

Report this User

Report this user for behavior that violates our Community Guidelines.

Details: